Statistiken für Schweizer Logo-Quiz #2

Klicken Sie hier um das Quiz zu spielen!

Allgemein

  • Dieses Quiz wurde 104 mal gespielt
  • Das Durchschnittsergebnis liegt bei 8 aus 20

Antwortstatistiken

Antwort% Korrekt
Emmi
90%
Feldschlösschen Getränke
86%
OTTO'S
81%
Volg
70%
Dipl. Ing. Fust
69%
Credit Suisse
52%
Chocolat Frey
50%
Galaxus
48%
Henniez
46%
Migrol
42%
V-Zug
42%
Manor
40%
Securitas
38%
Axpo
25%
Rhätische Bahn
24%
Pilatus Aircraft
17%
MSC Cruises
11%
Hero
5%
Kibag
4%
Longines
4%

Verteilung der Resultate

Perzentil nach korrekt beantworteten Fragen

Anzahl Personen mit jedem Resultat

Ihre Resultats-Entwicklung

Sie haben dieses Quiz noch nicht gespielt